छायावाद का प्रेम-दर्शन / (Record no. 112039)

MARC details
000 -LEADER
fixed length control field 01050nam a22002537a 4500
005 - DATE AND TIME OF LATEST TRANSACTION
control field 20170124102933.0
010 ## - LIBRARY OF CONGRESS CONTROL NUMBER
LC control number B-056607
020 ## - INTERNATIONAL STANDARD BOOK NUMBER
Terms of availability 350.00
035 ## - SYSTEM CONTROL NUMBER
System control number B-056607
037 ## - SOURCE OF ACQUISITION
Source of stock number/acquisition Cen Lib/Ret
040 ## - CATALOGING SOURCE
Original cataloging agency DPL
Language of cataloging HN
082 ## - DEWEY DECIMAL CLASSIFICATION NUMBER
Classification number 821.08
Item number विजय
100 ## - MAIN ENTRY--PERSONAL NAME
Personal name विजयलक्ष्मी
9 (RLIN) 45600
245 ## - TITLE STATEMENT
Title छायावाद का प्रेम-दर्शन /
Statement of responsibility, etc विजयलक्ष्मी
246 ## - VARYING FORM OF TITLE
Title proper/short title Chhayavad ka prem-darshan /
Remainder of title by Vijaylakshmi
260 ## - PUBLICATION, DISTRIBUTION, ETC. (IMPRINT)
Place of publication, distribution, etc दिल्ली
Name of publisher, distributor, etc ईशा ज्ञानदीप
Date of publication, distribution, etc 2001
270 ## - ADDRESS
Address 18-474/ 2, नयी बस्ती किशन गंज
City दिल्ली
300 ## - PHYSICAL DESCRIPTION
Extent 279पृ.
Dimensions 21सेमी (सजिल्द)
650 ## - SUBJECT ADDED ENTRY--TOPICAL TERM
Topical term or geographic name as entry element हिन्दी साहित्य
9 (RLIN) 45601
650 ## - SUBJECT ADDED ENTRY--TOPICAL TERM
Topical term or geographic name as entry element खण्ड काव्य
General subdivision छायावादी प्रेम
9 (RLIN) 45602
650 ## - SUBJECT ADDED ENTRY--TOPICAL TERM
Topical term or geographic name as entry element Hindi literature
9 (RLIN) 45603
650 ## - SUBJECT ADDED ENTRY--TOPICAL TERM
Topical term or geographic name as entry element Poetry Section
General subdivision Chhayawadi Love
9 (RLIN) 45604
942 ## - ADDED ENTRY ELEMENTS (KOHA)
Source of classification or shelving scheme Dewey Decimal Classification
Koha item type Hindi Books
Classification part 821.08
Call number suffix विजय
Holdings
Withdrawn status Lost status Damaged status Not for loan Home library Current library Date acquired Source of acquisition Cost, normal purchase price Total Checkouts Full call number Barcode Date last seen Date checked out Copy number Cost, replacement price Price effective from Koha item type
        Central Library Central Library 06/08/2015 Cen Lib/Ret 350.00 2 821.08 विजय B-056607 06/09/2019 23/08/2019 1 350.00 06/08/2015 Hindi Books

© Delhi Public Library
Hit Counter
free hit counter